000 00515nam a2200157Ia 4500
008 160316s1992 xxu||||| |||| 00| 0 eng d
082 _a345.080000
_bFER
100 _aFerrara Matthew L
245 _aGroup counseling with juvenile delinquents : The limit and lead approach
250 _a
260 _aNew Delhi
_bSage Publications
_c1992
300 _a156p
_b
_cviii
365 _bRs.983.36
650 _a1. Juvenile delinquents - Counseling - U S A 2. Social Work - Juvenile Delinquents - U S A
700 _a
_a
999 _c13848
_d13848